[Event "LTU-chT"]
[Site "Lithuania"]
[Date "2025.01.25"]
[Round "2.10"]
[White "Solys, Laimutis"]
[Black "Prigodinas, R."]
[Result "1/2-1/2"]
[WhiteElo "2249"]
[BlackElo "2069"]
[PlyCount "82"]
[EventDate "2025.01.24"]
[EventType "team-swiss"]
[EventRounds "7"]
[EventCountry "LTU"]
[SourceTitle "CB14_2025"]
[SourceDate "2024.11.01"]
[SourceVersion "1"]
[SourceVersionDate "2024.11.01"]
[SourceQuality "1"]
[WhiteTeam "Kaunas Margiris"]
[BlackTeam "Vilnius Sachmatu Erdves"]
[WhiteTeamCountry "LTU"]
[BlackTeamCountry "LTU"]

1. e4 c6 2. d4 d5 3. exd5 cxd5 4. Bd3 Nc6 5. c3 Nf6 6. h3 g6 7. Bf4 Bf5 8. Be2 Bg7 9. Nf3 0-0 10. Nbd2 Ne4 11. 0-0 Qb6 12. Qb3 Nxd2 13. Nxd2 Qxb3 14. axb3 a6 15. b4 e5 16. dxe5 Nxe5 17. Nb3 Nd3 18. Bxd3 Bxd3 19. Rfe1 b6 20. Be5 Rfe8 21. Bxg7 Kxg7 22. Nd4 Bb5 23. f3 Bd7 24. Kf2 a5 25. Rxe8 Bxe8 26. bxa5 Rxa5 27. Rxa5 bxa5 28. Ke3 Kf6 29. f4 Ke7 30. Nf3 f6 31. Kd4 Kd6 32. g4 Bd7 33. Ne1 h5 34. gxh5 gxh5 35. h4 a4 36. Nc2 Bf5 37. Ne3 Be6 38. Nf1 Bg4 39. Ng3 Kc6 40. Nf1 Kd6 41. Ne3 Be6 1/2-1/2

[Event "LTU-chT"]
[Site "Lithuania"]
[Date "2025.01.24"]
[Round "1.16"]
[White "Prigodinas, R."]
[Black "Groessing, Daniel Yosuke"]
[Result "1-0"]
[WhiteElo "2069"]
[BlackElo "1965"]
[PlyCount "59"]
[EventDate "2025.01.24"]
[EventType "team-swiss"]
[EventRounds "7"]
[EventCountry "LTU"]
[SourceTitle "CB14_2025"]
[SourceDate "2024.11.01"]
[SourceVersion "1"]
[SourceVersionDate "2024.11.01"]
[SourceQuality "1"]
[WhiteTeam "Vilnius Sachmatu Erdves"]
[BlackTeam "Vilnius Juoda Balta"]
[WhiteTeamCountry "LTU"]
[BlackTeamCountry "LTU"]

1. d4 Nf6 2. c4 e6 3. Nc3 Bb4 4. Qb3 c5 5. dxc5 Na6 6. Nf3 0-0 7. a3 Bxc5 8. Bg5 h6 9. Bh4 g5 10. Bg3 b6 11. e3 Bb7 12. Rd1 Nh5 13. Ne5 Nxg3 14. hxg3 Bxe3 15. Nxd7 Bc5 16. Qc2 Kg7 17. Nxc5 Qxd1+ 18. Kxd1 Nxc5 19. f4 Rfd8+ 20. Kc1 gxf4 21. gxf4 Rd4 22. Be2 Rad8 23. Rd1 Rxd1+ 24. Bxd1 Nd3+ 25. Kb1 Nxf4 26. Bf3 Bxf3 27. gxf3 h5 28. Ne4 h4 29. Qc3+ Kh7 30. Qf6 1-0

[Event "Sitges Sunway online op"]
[Site "Chess.com INT"]
[Date "2020.04.27"]
[Round "9"]
[White "Prigodinas, R."]
[Black "Al Mutlaq, Ibrahim A"]
[Result "1-0"]
[WhiteElo "2036"]
[BlackElo "1560"]
[PlyCount "145"]
[EventDate "2020.04.19"]
[EventType "swiss"]
[EventRounds "9"]
[EventCountry "ESP"]
[SourceTitle "EXT 2021"]
[Source "ChessBase"]
[SourceDate "2020.10.23"]
[SourceVersion "1"]
[SourceVersionDate "2020.10.23"]
[SourceQuality "1"]

1. d4 Nf6 2. c4 g6 3. Nc3 Bg7 4. e4 d6 5. Nf3 0-0 6. h3 e5 7. d5 Nbd7 8. Be3 Nc5 9. Nd2 a5 10. g4 c6 11. Be2 cxd5 12. cxd5 b6 13. h4 Ba6 14. Bxa6 Rxa6 15. Qe2 Qc8 16. f3 h5 17. g5 Ne8 18. Nb5 f5 19. gxf6 Rxf6 20. Bg5 Rf7 21. Qc4 Qd7 22. Ke2 Ra8 23. a3 Rc8 24. Nc3 Nc7 25. b4 b5 26. Qa2 Na4 27. Rac1 axb4 28. axb4 Ra8 29. Qc2 Na6 30. Na2 Nb6 31. Qc6 Rb8 32. Qxd7 Rxd7 33. Rc6 Bf8 34. Be3 Rdb7 35. Nb3 Rc7 36. Rhc1 Nc4 37. Rxa6 Rbc8 38. Bg5 Kf7 39. Na5 Nxa5 40. Rxc7+ Rxc7 41. Rxa5 Be7 42. Bxe7 Kxe7 43. Kd3 g5 44. hxg5 h4 45. Nc3 Kf7 46. Nxb5 Rc1 47. Nxd6+ Kg6 48. Nf5 h3 49. Ra6+ Kxg5 50. Rh6 Rh1 51. Ke3 h2 52. Kf2 Kf4 53. Rh4+ Kg5 54. Kg2 Rb1 55. Kxh2 Rxb4 56. Rg4+ Kf6 57. Rg2 Rb3 58. Kg3 Rd3 59. Ra2 Rd1 60. Ra6+ Kg5 61. Re6 Rg1+ 62. Kf2 Rd1 63. Ne3 Rd2+ 64. Kg3 Re2 65. Rxe5+ Kf6 66. Ng4+ Kf7 67. d6 Rd2 68. Re7+ Kf8 69. e5 Rd5 70. Kf4 Rd4+ 71. Kf5 Ra4 72. Rb7 Ra5 73. Ke6 1-0

[Event "Sitges Sunway online op"]
[Site "Chess.com INT"]
[Date "2020.04.26"]
[Round "8"]
[White "Stephenson, John"]
[Black "Prigodinas, R."]
[Result "1/2-1/2"]
[WhiteElo "1629"]
[BlackElo "2036"]
[PlyCount "85"]
[EventDate "2020.04.19"]
[EventType "swiss"]
[EventRounds "9"]
[EventCountry "ESP"]
[SourceTitle "EXT 2021"]
[Source "ChessBase"]
[SourceDate "2020.10.23"]
[SourceVersion "1"]
[SourceVersionDate "2020.10.23"]
[SourceQuality "1"]

1. Nf3 d5 2. c4 e6 3. g3 Nf6 4. Bg2 dxc4 5. Qa4+ Nbd7 6. Qxc4 c5 7. Qb3 Rb8 8. d3 Bd6 9. a4 b6 10. Na3 a6 11. 0-0 Bb7 12. Nc4 Bc7 13. Bd2 0-0 14. Qa3 a5 15. Rfd1 e5 16. Bc3 Re8 17. e3 Qe7 18. Re1 e4 19. dxe4 Nxe4 20. Rad1 Red8 21. Qb3 Qe6 22. Nfd2 Nxc3 23. bxc3 Bxg2 24. Kxg2 Ne5 25. Nxe5 Qxb3 26. Nxb3 Bxe5 27. c4 Bc3 28. Rf1 Kf8 29. Kf3 Ke7 30. Nc1 f5 31. Ne2 Be5 32. Nf4 Bxf4 33. Kxf4 Kf6 34. h4 g6 35. Rfe1 h6 36. Rf1 g5+ 37. hxg5+ hxg5+ 38. Kf3 Ke5 39. Rh1 Rxd1 40. Rxd1 g4+ 41. Ke2 Rh8 42. Rd5+ Ke6 43. Rd1 1/2-1/2